O vampiro que descobriu o Brasil (Record no. 167789)

MARC details
000 -LÍDER
campo de controle de tamanho fixo 00376 a2200169 4500
001 - NÚMERO DE CONTROLE
campo de controle 167789
020 ## - ISBN - INTERNATIONAL STANDARD BOOK NUMBER
ISBN - International Standard Book Number 85-08-07367-4
040 ## - FONTE DA CATALOGAÇÃO
Instituição que transcreveu o registro Magnum
100 ## - ENTRADA PRINCIPAL--NOME PESSOAL
Nome pessoal Jaf, Ivan
240 10 - TÍTULO UNIFORME
Título uniforme O vampiro que descobriu o Brasil
Idioma da obra por
245 10 - TÍTULO
Título O vampiro que descobriu o Brasil
300 ## - DESCRIÇÃO FÍSICA
Extensão 134
362 0# - DATAS DE PUBLICAÇÃO E/OU DESIGNAÇÃO SEQUENCIAL
Datas de publicação e/ou designação sequencial 2000
440 #1 - DECLARAÇÃO DE SÉRIE/ENTRADA ADICIONADA--TÍTULO
Título Ática
697 ## - ENTRADA DE ASSUNTO LOCAL--ENTIDADE COLETIVA (RLIN)
Nome corporativo ou nome da jurisdição LITERATURA JUVENIL
942 ## - ELEMENTOS DE ENTRADA ADICIONADOS (KOHA)
Tipo de material Koha Livros
Holdings
Situação do descarte Situação das perdas Situação física Não pode ser emprestado Biblioteca de origem Biblioteca atual Data de aquisição Total de empréstimos Número de chamada completo Código de barras Data de último acesso Data do preço efetivo Tipo de material Koha
        Magnum Magnum 08/06/2024   869.3.292 MAG00012223 08/06/2024 08/06/2024 Livros
        Magnum Magnum 08/06/2024   869.3.292 MAG00012224 08/06/2024 08/06/2024 Livros
        Magnum Magnum 08/06/2024   869.3.292 MAG00012225 08/06/2024 08/06/2024 Livros
        Magnum Magnum 08/06/2024   869.3.292 MAG00012226 08/06/2024 08/06/2024 Livros
        Magnum Magnum 08/06/2024   869.3.292 MAG00012227 08/06/2024 08/06/2024 Livros
        Magnum Magnum 08/06/2024   869.3.292 MAG00012228 08/06/2024 08/06/2024 Livros
        Magnum Magnum 08/06/2024   869.3.292 MAG00012229 08/06/2024 08/06/2024 Livros
        Magnum Magnum 08/06/2024   869.3.292 MAG00012230 08/06/2024 08/06/2024 Livros
        Magnum Magnum 08/06/2024   869.3.292 MAG00012231 08/06/2024 08/06/2024 Livros